[Event "Montigny le Bretonneux Noel op 19th"]
[Site "Montigny le Bretonneux"]
[Date "2018.12.27"]
[Round "2"]
[White "Meunier, Mathieu"]
[Black "Sondermeijer, Damien"]
[Result "0-1"]
[WhiteElo "1150"]
[BlackElo "1471"]
[PlyCount "88"]
[EventDate "2018.12.26"]
[EventType "swiss"]
[EventRounds "7"]
[EventCountry "FRA"]
[SourceTitle "CBM 188 Extra"]
[Source "ChessBase"]
[SourceDate "2019.02.26"]
[SourceVersion "1"]
[SourceVersionDate "2019.02.26"]
[SourceQuality "1"]

1. e4 c5 2. Nf3 Nc6 3. Bc4 e6 4. 0-0 a6 5. Nc3 b5 6. Bb3 c4 7. Bxc4 bxc4 8. d4 cxd3 9. cxd3 d6 10. Be3 Nf6 11. Qd2 Be7 12. Rac1 0-0 13. Ne2 Bd7 14. Ng3 Ng4 15. h3 Nxe3 16. Qxe3 Qa5 17. a3 d5 18. Rcd1 Bc5 19. d4 Ba7 20. Qg5 h6 21. Qg4 Ne7 22. Nh5 Ng6 23. Nh4 Kh7 24. f4 Rg8 25. f5 Nxh4 26. Qxh4 exf5 27. exf5 Qd8 28. Qg4 Qg5 29. Qxg5 hxg5 30. f6 g6 31. Ng3 Bb5 32. Rfe1 Bb8 33. Kh2 Bxg3+ 34. Kxg3 Rge8 35. Rxe8 Rxe8 36. Rc1 Re6 37. Rf1 Bxf1 38. Kf2 Rxf6+ 39. Kg1 Kg8 40. b4 Kf8 41. a4 Ke7 42. b5 axb5 43. a5 b4 44. a6 Bxa6 0-1